Najludniejsze miasta w Polsce - nagła śmierć - Statystyki

Ogólne statystyki
  • Ten quiz został rozwiązany 1 108 razy
  • Średni wynik to 10 z 20
Answers on the Grid
Answers color-coded by a green-red scale on the quiz's grid according to % correct below.
Warszawa
Kraków
Wrocław
Łódź
Poznań
Gdańsk
Szczecin
Lublin
Bydgoszcz
Białystok
Katowice
Gdynia
Częstochowa
Radom
Rzeszów
Toruń
Sosnowiec
Kielce
Gliwice
Olsztyn
Przemyśl
Zabrze
Ruda Śląska
Gorzów Wielkopolski
Koszalin
Konin
Zielona Góra
Zamość
Tarnów
Opole
Legnica
Piotrków Trybunalski
Płock
Elbląg
Suwałki
Hel
Inowrocław
Ostrowiec Świętokrzyski
Ostrołęka
Węgrów
Czemierniki
Żary
Żory
Grodzisk Mazowiecki
Piła
Szczecinek
Malbork
Rudnik nad Sanem
Kłodzko
Leżajsk
Andrychów
Zambrów
Dęblin
Dobre
Szlichtyngowa
Żywiec
Zgorzelec
Wieruszów
Sierpc
Zwoleń
 
Statystyki odpowiedzi
Odpowiedź % Poprawnych
Warszawa
70%
Wrocław
67%
Gdańsk
66%
Poznań
65%
Kraków
64%
Łódź
64%
Szczecin
61%
Katowice
59%
Lublin
56%
Białystok
55%
Bydgoszcz
55%
Gdynia
50%
Rzeszów
49%
Częstochowa
46%
Toruń
45%
Kielce
41%
Radom
39%
Gliwice
32%
Sosnowiec
32%
Olsztyn
31%
Nie znaleziono quizów pasujących do podanych kryteriów
Rozkład punktacji
Procent ludzi z każdym wynikiem
Percentyl według liczby udzielonych odpowiedzi
Twoja historia wyników
Nie rozwiązałeś tego quizu